Click a John Quiz Stats

 Plays Quiz Updated Jan 21, 2021

Support Sporcle.
Go Orange.
Score 0/30 Timer 04:00
1 Play Today
% Correct
Lennon
94.5%
Travolta
93.5%
Wilkes Booth
89.7%
Doe
87.4%
F. Kennedy
87.2%
Malkovich
86.1%
McCain
85.7%
Steinbeck
84.3%
Belushi
84.1%
McEnroe
83%
Denver
79%
Grisham
79%
Hancock
78.7%
Kerry
78.6%
Adams
78.3%
% Correct
Wayne
78.1%
Stamos
77.4%
Cleese
77.4%
Goodman
74.5%
Cusack
74.3%
Quincy Adams
73.1%
Cena
69.5%
Mayer
68.8%
Coltrane
66.7%
Williams
63.3%
Fogerty
62.8%
Hughes
58.5%
Carpenter
54.8%
Roberts
54.5%
Cazale
31.4%

You're not logged in!

Compare scores with friends on all Sporcle quizzes.
OR
Log In

From the Vault

The Europe Quiz

by mattyd2505

Eiffel in love with Europe the moment I saw it.
Remove Ads.
Support Sporcle.
Get the best of Sporcle when you Go Orange. This ad-free experience offers more features, more stats, and more fun while also helping to support Sporcle. Thank you for becoming a member.

Show Comments

Extras

Top Quizzes Today


Score Distribution

Your Account Isn't Verified!

In order to create a playlist on Sporcle, you need to verify the email address you used during registration. Go to your Sporcle Settings to finish the process.

Report this User

Report this user for behavior that violates our Community Guidelines.

Details: